[Event "DEM U18 2024"]
[Site "Willingen GER"]
[Date "2024.05.24"]
[Round "8"]
[White "Spriestersbach, Kai"]
[Black "Weidenhöfer, Max"]
[Result "0-1"]
[Termination "normal"]
[Board "4"]
[WhiteElo "2192"]
[BlackElo "2108"]
[WhiteClock "00:13:18"]
[BlackClock "00:07:12"]
[PlyCount "132"]
[WhiteFideId "16269985"]
[BlackFideId "16230566"]
[EventCountry "GER"]
[EventRounds "9"]
[EventType "swiss"]
[EventDate "2024.05.18"]

1. e4 {[%clk 01:30:59]} {[%emt 00:00:01]} c6 {[%clk 01:30:54]} {[%emt
00:00:06]} 2. d4 {[%clk 01:31:24]} {[%emt 00:00:06]} d5 {[%clk 01:31:18]}
{[%emt 00:00:04]} 3. e5 {[%clk 01:31:51]} {[%emt 00:00:03]} Bf5 {[%clk
01:31:41]} {[%emt 00:00:08]} 4. h4 {[%clk 01:32:16]} {[%emt 00:00:05]} h5
{[%clk 01:32:05]} {[%emt 00:00:06]} 5. Bd3 {[%clk 01:32:42]} {[%emt 00:00:04]}
Bxd3 {[%clk 01:32:25]} {[%emt 00:00:09]} 6. Qxd3 {[%clk 01:33:06]} {[%emt
00:00:06]} Qa5+ {[%clk 01:32:45]} {[%emt 00:00:11]} 7. Nc3 {[%clk 01:33:30]}
{[%emt 00:00:06]} e6 {[%clk 01:27:04]} {[%emt 00:06:11]} 8. Bg5 {[%clk
01:33:35]} {[%emt 00:00:24]} Qa6 {[%clk 01:24:38]} {[%emt 00:02:57]} 9. Qh3
{[%clk 01:33:54]} {[%emt 00:00:10]} Nd7 {[%clk 01:19:01]} {[%emt 00:06:08]} 10.
Nge2 {[%clk 01:33:16]} {[%emt 00:01:07]} Be7 {[%clk 01:09:30]} {[%emt
00:10:02]} 11. Bxe7 {[%clk 01:18:13]} {[%emt 00:15:33]} Nxe7 {[%clk 01:09:48]}
{[%emt 00:00:11]} 12. O-O {[%clk 01:18:11]} {[%emt 00:00:32]} Nf5 {[%clk
01:07:02]} {[%emt 00:03:16]} 13. Rfd1 {[%clk 01:17:32]} {[%emt 00:01:09]} Qb6
{[%clk 01:04:26]} {[%emt 00:03:07]} 14. b3 {[%clk 01:14:02]} {[%emt 00:04:00]}
Qd8 {[%clk 01:01:25]} {[%emt 00:03:30]} 15. g3 {[%clk 01:02:29]} {[%emt
00:12:04]} Qe7 {[%clk 01:01:40]} {[%emt 00:00:14]} 16. Na4 {[%clk 00:56:38]}
{[%emt 00:06:21]} b5 {[%clk 00:59:00]} {[%emt 00:03:11]} 17. Nb2 {[%clk
00:56:41]} {[%emt 00:00:27]} b4 {[%clk 00:57:24]} {[%emt 00:02:06]} 18. Nd3
{[%clk 00:54:28]} {[%emt 00:02:42]} O-O {[%clk 00:49:22]} {[%emt 00:08:32]} 19.
Ndf4 {[%clk 00:50:57]} {[%emt 00:04:01]} g6 {[%clk 00:48:41]} {[%emt 00:01:12]}
20. c4 {[%clk 00:41:35]} {[%emt 00:09:52]} dxc4 {[%clk 00:41:15]} {[%emt
00:07:56]} 21. bxc4 {[%clk 00:41:50]} {[%emt 00:00:15]} c5 {[%clk 00:41:22]}
{[%emt 00:00:22]} 22. d5 {[%clk 00:28:35]} {[%emt 00:13:46]} Nxe5 {[%clk
00:39:47]} {[%emt 00:02:04]} 23. dxe6 {[%clk 00:28:47]} {[%emt 00:00:18]} fxe6
{[%clk 00:36:53]} {[%emt 00:03:24]} 24. Qg2 {[%clk 00:29:10]} {[%emt 00:00:07]}
Rad8 {[%clk 00:31:58]} {[%emt 00:05:26]} 25. Qe4 {[%clk 00:28:56]} {[%emt
00:00:44]} Qf6 {[%clk 00:30:42]} {[%emt 00:01:45]} 26. Nh3 {[%clk 00:28:30]}
{[%emt 00:00:56]} Nd6 {[%clk 00:28:06]} {[%emt 00:03:06]} 27. Qf4 {[%clk
00:26:02]} {[%emt 00:02:58]} Ndxc4 {[%clk 00:21:37]} {[%emt 00:06:59]} 28. Qxf6
{[%clk 00:24:28]} {[%emt 00:02:05]} Rxd1+ {[%clk 00:22:00]} {[%emt 00:00:07]}
29. Rxd1 {[%clk 00:24:53]} {[%emt 00:00:05]} Rxf6 {[%clk 00:22:25]} {[%emt
00:00:05]} 30. Nef4 {[%clk 00:20:21]} {[%emt 00:05:01]} Nf3+ {[%clk 00:19:38]}
{[%emt 00:03:17]} 31. Kg2 {[%clk 00:19:07]} {[%emt 00:01:44]} Nfd2 {[%clk
00:10:44]} {[%emt 00:09:24]} 32. Ng5 {[%clk 00:19:02]} {[%emt 00:00:35]} e5
{[%clk 00:10:24]} {[%emt 00:00:50]} 33. Nfe6 {[%clk 00:18:44]} {[%emt
00:00:48]} e4 {[%clk 00:08:51]} {[%emt 00:02:04]} 34. Re1 {[%clk 00:18:45]}
{[%emt 00:00:28]} Rf5 {[%clk 00:06:42]} {[%emt 00:02:40]} 35. Nf4 {[%clk
00:17:40]} {[%emt 00:01:34]} Kg7 {[%clk 00:04:08]} {[%emt 00:03:05]} 36. Nxe4
{[%clk 00:16:45]} {[%emt 00:01:24]} Re5 {[%clk 00:02:17]} {[%emt 00:02:21]} 37.
f3 {[%clk 00:10:52]} {[%emt 00:06:23]} Nb2 {[%clk 00:02:04]} {[%emt 00:00:43]}
38. Re2 {[%clk 00:07:40]} {[%emt 00:03:43]} Nxe4 {[%clk 00:02:01]} {[%emt
00:00:32]} 39. fxe4 {[%clk 00:08:00]} {[%emt 00:00:10]} Na4 {[%clk 00:01:04]}
{[%emt 00:01:28]} 40. Nd3 {[%clk 00:00:39]} {[%emt 00:07:50]} Nc3 {[%clk
00:01:13]} {[%emt 00:00:21]} 41. Rc2 {[%clk 00:00:47]} {[%emt 00:00:22]} Rxe4
{[%clk 00:24:41]} {[%emt 00:07:02]} 42. Nxc5 {[%clk 00:31:12]} {[%emt
00:00:05]} Re3 {[%clk 00:11:02]} {[%emt 00:14:10]} 43. Na6 {[%clk 00:30:38]}
{[%emt 00:01:04]} Nd5 {[%clk 00:10:34]} {[%emt 00:00:58]} 44. Rb2 {[%clk
00:25:59]} {[%emt 00:05:09]} Ra3 {[%clk 00:10:30]} {[%emt 00:00:33]} 45. Nxb4
{[%clk 00:26:05]} {[%emt 00:00:24]} Nxb4 {[%clk 00:10:17]} {[%emt 00:00:44]}
46. Rxb4 {[%clk 00:26:34]} Rxa2+ {[%clk 00:10:46]} {[%emt 00:00:01]} 47. Kf3
{[%clk 00:26:54]} {[%emt 00:00:09]} a5 {[%clk 00:04:31]} {[%emt 00:06:45]} 48.
Rb6 {[%clk 00:25:46]} {[%emt 00:01:38]} Ra3+ {[%clk 00:04:34]} {[%emt
00:00:28]} 49. Kf4 {[%clk 00:25:50]} {[%emt 00:00:24]} Ra4+ {[%clk 00:04:10]}
{[%emt 00:00:56]} 50. Kf3 {[%clk 00:26:10]} {[%emt 00:00:09]} Rg4 {[%clk
00:04:25]} {[%emt 00:00:15]} 51. Ra6 {[%clk 00:15:39]} {[%emt 00:11:02]} a4
{[%clk 00:04:49]} {[%emt 00:00:05]} 52. Kf2 {[%clk 00:12:45]} {[%emt 00:03:24]}
Kf7 {[%clk 00:05:14]} {[%emt 00:00:05]} 53. Kf3 {[%clk 00:13:11]} {[%emt
00:00:04]} Ke7 {[%clk 00:05:40]} {[%emt 00:00:04]} 54. Kf2 {[%clk 00:13:38]}
{[%emt 00:00:04]} Kd7 {[%clk 00:06:07]} {[%emt 00:00:03]} 55. Kf3 {[%clk
00:14:04]} {[%emt 00:00:04]} Kc7 {[%clk 00:06:33]} {[%emt 00:00:03]} 56. Kf2
{[%clk 00:14:21]} {[%emt 00:00:13]} Kb7 {[%clk 00:07:02]} {[%emt 00:00:02]} 57.
Ra5 {[%clk 00:14:45]} {[%emt 00:00:06]} Kb6 {[%clk 00:07:23]} {[%emt 00:00:08]}
58. Ra8 {[%clk 00:15:07]} {[%emt 00:00:08]} Kb5 {[%clk 00:06:22]} {[%emt
00:01:31]} 59. Kf3 {[%clk 00:14:45]} {[%emt 00:00:52]} Kb4 {[%clk 00:05:44]}
{[%emt 00:01:08]} 60. Ra6 {[%clk 00:14:33]} {[%emt 00:00:42]} a3 {[%clk
00:05:31]} {[%emt 00:00:43]} 61. Rb6+ {[%clk 00:14:34]} {[%emt 00:00:29]} Kc3
{[%clk 00:05:51]} {[%emt 00:00:10]} 62. Rc6+ {[%clk 00:13:35]} {[%emt
00:01:28]} Kb3 {[%clk 00:06:02]} {[%emt 00:00:19]} 63. Rb6+ {[%clk 00:12:25]}
{[%emt 00:01:42]} Rb4 {[%clk 00:06:20]} {[%emt 00:00:11]} 64. Rxg6 {[%clk
00:12:34]} {[%emt 00:00:21]} a2 {[%clk 00:06:37]} {[%emt 00:00:14]} 65. Ra6
{[%clk 00:12:57]} {[%emt 00:00:07]} Ra4 {[%clk 00:06:54]} {[%emt 00:00:13]} 66.
Rb6+ {[%clk 00:13:18]} {[%emt 00:00:08]} Ka3 {[%clk 00:07:12]} {[%emt
00:00:11]} 0-1

[Event "DEM U18 2024"]
[Site "Willingen GER"]
[Date "2024.05.24"]
[Round "8"]
[White "Haack, Kevin"]
[Black "Farokhi, Keyvan"]
[Result "1/2-1/2"]
[Termination "normal"]
[Board "5"]
[WhiteTitle "FM"]
[BlackTitle "FM"]
[WhiteElo "2286"]
[BlackElo "2299"]
[WhiteClock "00:07:13"]
[BlackClock "00:16:55"]
[PlyCount "145"]
[WhiteFideId "16228715"]
[BlackFideId "12998630"]
[EventCountry "GER"]
[EventRounds "9"]
[EventType "swiss"]
[EventDate "2024.05.18"]

1. c4 {[%clk 01:30:57]} {[%emt 00:00:02]} e6 {[%clk 01:30:53]} {[%emt
00:00:07]} 2. Nf3 {[%clk 01:31:22]} {[%emt 00:00:05]} Nf6 {[%clk 01:31:17]}
{[%emt 00:00:06]} 3. b3 {[%clk 01:31:23]} {[%emt 00:00:30]} d5 {[%clk
01:31:29]} {[%emt 00:00:17]} 4. e3 {[%clk 01:31:42]} {[%emt 00:00:11]} Bd6
{[%clk 01:31:03]} {[%emt 00:00:56]} 5. Bb2 {[%clk 01:31:35]} {[%emt 00:00:37]}
O-O {[%clk 01:31:14]} {[%emt 00:00:18]} 6. Nc3 {[%clk 01:30:49]} {[%emt
00:01:17]} Re8 {[%clk 01:28:06]} {[%emt 00:03:38]} 7. Qc2 {[%clk 01:26:03]}
{[%emt 00:05:17]} Nc6 {[%clk 01:24:47]} {[%emt 00:03:50]} 8. d4 {[%clk
01:22:21]} {[%emt 00:04:10]} Nb4 {[%clk 01:19:01]} {[%emt 00:06:16]} 9. Qb1
{[%clk 01:20:44]} {[%emt 00:02:07]} c5 {[%clk 01:19:07]} {[%emt 00:00:24]} 10.
dxc5 {[%clk 01:08:34]} {[%emt 00:12:41]} Bxc5 {[%clk 01:19:22]} {[%emt
00:00:14]} 11. a3 {[%clk 01:08:53]} {[%emt 00:00:12]} Nc6 {[%clk 01:19:27]}
{[%emt 00:00:23]} 12. b4 {[%clk 01:08:20]} {[%emt 00:01:04]} Bf8 {[%clk
01:19:17]} {[%emt 00:00:39]} 13. Bd3 {[%clk 01:06:58]} {[%emt 00:01:53]} h6
{[%clk 01:10:13]} {[%emt 00:09:33]} 14. O-O {[%clk 01:05:38]} {[%emt 00:01:51]}
a6 {[%clk 01:01:53]} {[%emt 00:08:50]} 15. Rd1 {[%clk 01:04:27]} {[%emt
00:01:41]} Qe7 {[%clk 01:00:50]} {[%emt 00:01:32]} 16. cxd5 {[%clk 00:57:42]}
{[%emt 00:07:17]} exd5 {[%clk 01:01:14]} {[%emt 00:00:06]} 17. Nxd5 {[%clk
00:53:51]} {[%emt 00:04:20]} Nxd5 {[%clk 01:01:42]} {[%emt 00:00:02]} 18. Bh7+
{[%clk 00:54:16]} {[%emt 00:00:06]} Kh8 {[%clk 01:02:06]} {[%emt 00:00:05]} 19.
Rxd5 {[%clk 00:54:42]} {[%emt 00:00:05]} Bg4 {[%clk 01:01:29]} {[%emt
00:01:06]} 20. Bc2 {[%clk 00:48:32]} {[%emt 00:06:40]} Bxf3 {[%clk 00:48:15]}
{[%emt 00:13:45]} 21. gxf3 {[%clk 00:48:47]} {[%emt 00:00:14]} Rad8 {[%clk
00:48:18]} {[%emt 00:00:27]} 22. Rxd8 {[%clk 00:41:44]} {[%emt 00:07:33]} Rxd8
{[%clk 00:44:52]} {[%emt 00:03:55]} 23. Be4 {[%clk 00:41:23]} {[%emt 00:00:52]}
Qg5+ {[%clk 00:42:10]} {[%emt 00:03:11]} 24. Kh1 {[%clk 00:36:53]} {[%emt
00:05:01]} Rd2 {[%clk 00:31:08]} {[%emt 00:11:32]} 25. Ra2 {[%clk 00:32:03]}
{[%emt 00:05:20]} Qd8 {[%clk 00:30:22]} {[%emt 00:01:15]} 26. Bd4 {[%clk
00:25:10]} {[%emt 00:07:24]} Rxa2 {[%clk 00:30:46]} {[%emt 00:00:06]} 27. Qxa2
{[%clk 00:25:05]} {[%emt 00:00:34]} Nxd4 {[%clk 00:31:07]} {[%emt 00:00:09]}
28. exd4 {[%clk 00:18:43]} {[%emt 00:06:52]} Qc7 {[%clk 00:31:25]} {[%emt
00:00:12]} 29. Qd5 {[%clk 00:17:22]} {[%emt 00:01:52]} b6 {[%clk 00:31:08]}
{[%emt 00:00:46]} 30. Kg2 {[%clk 00:16:25]} {[%emt 00:01:28]} Qf4 {[%clk
00:26:59]} {[%emt 00:04:37]} 31. Qc4 {[%clk 00:11:47]} {[%emt 00:05:09]} g6
{[%clk 00:23:56]} {[%emt 00:03:32]} 32. Kf1 {[%clk 00:08:14]} {[%emt 00:04:03]}
h5 {[%clk 00:23:15]} {[%emt 00:01:12]} 33. Qxa6 {[%clk 00:05:42]} {[%emt
00:03:03]} h4 {[%clk 00:20:00]} {[%emt 00:03:44]} 34. Qc8 {[%clk 00:04:39]}
{[%emt 00:01:34]} Kg7 {[%clk 00:19:17]} {[%emt 00:01:12]} 35. h3 {[%clk
00:03:34]} {[%emt 00:01:35]} Be7 {[%clk 00:16:59]} {[%emt 00:02:47]} 36. Qc3
{[%clk 00:02:33]} {[%emt 00:01:32]} Qh2 {[%clk 00:16:27]} {[%emt 00:01:02]} 37.
f4 {[%clk 00:01:23]} {[%emt 00:01:41]} Qxf4 {[%clk 00:16:32]} {[%emt 00:00:24]}
38. Qe3 {[%clk 00:01:46]} {[%emt 00:00:07]} Qd6 {[%clk 00:15:56]} {[%emt
00:01:06]} 39. Kg2 {[%clk 00:01:14]} {[%emt 00:01:02]} Bf6 {[%clk 00:14:48]}
{[%emt 00:01:38]} 40. d5 {[%clk 00:01:33]} {[%emt 00:00:11]} Bb2 {[%clk
00:07:58]} {[%emt 00:07:19]} 41. Bf3 {[%clk 00:28:56]} {[%emt 00:03:08]} Qf6
{[%clk 00:37:13]} {[%emt 00:01:13]} 42. Qd3 {[%clk 00:26:28]} {[%emt 00:02:59]}
Be5 {[%clk 00:36:42]} {[%emt 00:01:01]} 43. Qd2 {[%clk 00:22:34]} {[%emt
00:04:24]} Bf4 {[%clk 00:33:15]} {[%emt 00:03:55]} 44. Qc2 {[%clk 00:22:20]}
{[%emt 00:00:46]} Qg5+ {[%clk 00:33:05]} {[%emt 00:00:39]} 45. Kf1 {[%clk
00:22:10]} {[%emt 00:00:40]} Be5 {[%clk 00:32:59]} {[%emt 00:00:36]} 46. a4
{[%clk 00:19:29]} {[%emt 00:03:13]} Qe7 {[%clk 00:28:25]} {[%emt 00:05:03]} 47.
Qe4 {[%clk 00:17:38]} {[%emt 00:02:20]} Qf6 {[%clk 00:28:45]} {[%emt 00:00:10]}
48. Qd3 {[%clk 00:16:14]} {[%emt 00:01:54]} Qf4 {[%clk 00:25:44]} {[%emt
00:03:31]} 49. a5 {[%clk 00:14:33]} {[%emt 00:02:12]} Qc1+ {[%clk 00:19:45]}
{[%emt 00:06:28]} 50. Kg2 {[%clk 00:14:12]} {[%emt 00:00:52]} Qg5+ {[%clk
00:19:24]} {[%emt 00:00:50]} 51. Kf1 {[%clk 00:14:41]} Qc1+ {[%clk 00:19:45]}
{[%emt 00:00:10]} 52. Bd1 {[%clk 00:15:07]} {[%emt 00:00:05]} bxa5 {[%clk
00:19:19]} {[%emt 00:00:55]} 53. bxa5 {[%clk 00:15:33]} {[%emt 00:00:05]} Qc5
{[%clk 00:18:16]} {[%emt 00:01:33]} 54. a6 {[%clk 00:14:58]} {[%emt 00:01:05]}
Bd4 {[%clk 00:17:42]} {[%emt 00:01:04]} 55. Qf3 {[%clk 00:10:04]} {[%emt
00:05:24]} Qc4+ {[%clk 00:17:42]} {[%emt 00:00:30]} 56. Be2 {[%clk 00:10:25]}
{[%emt 00:00:09]} Qc1+ {[%clk 00:18:04]} {[%emt 00:00:07]} 57. Kg2 {[%clk
00:10:53]} {[%emt 00:00:02]} Qg5+ {[%clk 00:18:24]} {[%emt 00:00:10]} 58. Kh2
{[%clk 00:10:44]} {[%emt 00:00:39]} Qe5+ {[%clk 00:17:22]} {[%emt 00:01:32]}
59. Kh1 {[%clk 00:11:02]} {[%emt 00:00:13]} Bc5 {[%clk 00:17:03]} {[%emt
00:00:49]} 60. Bd3 {[%clk 00:10:50]} {[%emt 00:00:42]} Bd6 {[%clk 00:16:38]}
{[%emt 00:00:54]} 61. Kg1 {[%clk 00:10:53]} {[%emt 00:00:28]} Bc5 {[%clk
00:15:20]} {[%emt 00:01:48]} 62. Bc4 {[%clk 00:09:47]} {[%emt 00:01:37]} Qg3+
{[%clk 00:13:16]} {[%emt 00:02:33]} 63. Qxg3 {[%clk 00:05:54]} {[%emt
00:04:24]} hxg3 {[%clk 00:13:30]} {[%emt 00:00:15]} 64. Kg2 {[%clk 00:05:12]}
{[%emt 00:01:12]} gxf2 {[%clk 00:13:44]} {[%emt 00:00:15]} 65. d6 {[%clk
00:05:29]} {[%emt 00:00:15]} Kf8 {[%clk 00:14:04]} {[%emt 00:00:09]} 66. d7
{[%clk 00:05:45]} {[%emt 00:00:14]} Ke7 {[%clk 00:14:28]} {[%emt 00:00:05]} 67.
Bxf7 {[%clk 00:06:10]} {[%emt 00:00:06]} Kxd7 {[%clk 00:14:55]} {[%emt
00:00:04]} 68. Bxg6 {[%clk 00:06:33]} {[%emt 00:00:06]} Ke7 {[%clk 00:15:21]}
{[%emt 00:00:03]} 69. Bd3 {[%clk 00:06:42]} {[%emt 00:00:21]} Kf6 {[%clk
00:15:47]} {[%emt 00:00:05]} 70. Kg3 {[%clk 00:07:06]} {[%emt 00:00:06]} Kg7
{[%clk 00:16:13]} {[%emt 00:00:04]} 71. Kf4 {[%clk 00:06:51]} {[%emt 00:00:45]}
Kh8 {[%clk 00:16:36]} {[%emt 00:00:06]} 72. Ke5 {[%clk 00:07:13]} {[%emt
00:00:08]} Ba7 {[%clk 00:16:55]} {[%emt 00:00:12]} 73. Ke4 {[%emt 00:02:07]}
1/2-1/2

[Event "DEM U18 2024"]
[Site "Willingen GER"]
[Date "2024.05.24"]
[Round "8"]
[White "Fuhrmann, Bahne"]
[Black "Sidletskyi, Ivan"]
[Result "0-1"]
[Termination "normal"]
[Board "6"]
[BlackTitle "FM"]
[WhiteElo "2159"]
[BlackElo "2346"]
[WhiteClock "00:12:19"]
[BlackClock "00:34:45"]
[PlyCount "80"]
[WhiteFideId "16244842"]
[BlackFideId "14156024"]
[EventCountry "GER"]
[EventRounds "9"]
[EventType "swiss"]
[EventDate "2024.05.18"]

1. d4 {[%clk 01:30:57]} {[%emt 00:00:03]} e6 {[%clk 01:30:32]} {[%emt
00:00:28]} 2. c4 {[%clk 01:31:14]} {[%emt 00:00:13]} Nf6 {[%clk 01:30:50]}
{[%emt 00:00:12]} 3. g3 {[%clk 01:31:35]} {[%emt 00:00:09]} d5 {[%clk
01:31:11]} {[%emt 00:00:09]} 4. Bg2 {[%clk 01:32:00]} {[%emt 00:00:04]} Bb4+
{[%clk 01:31:26]} {[%emt 00:00:16]} 5. Nd2 {[%clk 01:32:24]} {[%emt 00:00:05]}
O-O {[%clk 01:31:43]} {[%emt 00:00:13]} 6. Ngf3 {[%clk 01:32:51]} {[%emt
00:00:04]} dxc4 {[%clk 01:31:42]} {[%emt 00:00:31]} 7. Qc2 {[%clk 01:33:10]}
{[%emt 00:00:11]} a5 {[%clk 01:31:57]} {[%emt 00:00:15]} 8. a3 {[%clk
01:33:31]} {[%emt 00:00:09]} Bxd2+ {[%clk 01:28:02]} {[%emt 00:04:25]} 9. Bxd2
{[%clk 01:33:55]} {[%emt 00:00:07]} b5 {[%clk 01:27:26]} {[%emt 00:01:06]} 10.
a4 {[%clk 01:34:19]} {[%emt 00:00:06]} c6 {[%clk 01:25:20]} {[%emt 00:02:35]}
11. h4 {[%emt 00:00:49]} Nd5 {[%clk 01:06:42]} {[%emt 00:18:27]} 12. axb5
{[%clk 01:24:36]} {[%emt 00:10:36]} cxb5 {[%clk 01:05:09]} {[%emt 00:02:03]}
13. Ng5 {[%clk 01:15:32]} {[%emt 00:09:33]} f5 {[%clk 00:58:00]} {[%emt
00:07:38]} 14. e4 {[%clk 01:14:42]} {[%emt 00:01:20]} Nf6 {[%clk 00:57:22]}
{[%emt 00:01:09]} 15. exf5 {[%clk 01:02:27]} {[%emt 00:12:45]} Ra6 {[%clk
00:57:36]} {[%emt 00:00:17]} 16. fxe6 {[%clk 01:01:39]} {[%emt 00:01:18]} Bxe6
{[%clk 00:57:33]} {[%emt 00:00:32]} 17. O-O {[%clk 00:57:14]} {[%emt 00:02:55]}
Bd5 18. Bxd5+ {[%clk 00:33:50]} {[%emt 00:05:55]} Qxd5 19. Rxa5 {[%emt
00:25:47]} Rxa5 {[%clk 00:53:37]} {[%emt 00:00:08]} 20. Bxa5 {[%clk 00:34:13]}
Nc6 {[%clk 00:53:25]} {[%emt 00:00:48]} 21. Bb6 {[%clk 00:34:37]} h6 {[%emt
00:01:37]} 22. Nh3 {[%clk 00:29:55]} {[%emt 00:01:28]} Nd7 23. Bc5 {[%emt
00:05:39]} Nxc5 {[%clk 00:51:26]} {[%emt 00:00:34]} 24. dxc5 {[%clk 00:24:41]}
{[%emt 00:01:05]} Nd4 25. Qd1 {[%emt 00:08:08]} Nf3+ {[%clk 00:48:42]} {[%emt
00:00:45]} 26. Kh1 {[%clk 00:21:39]} {[%emt 00:03:29]} Qa8 {[%clk 00:44:03]}
27. Nf4 {[%clk 00:20:58]} {[%emt 00:07:08]} Nd2+ {[%clk 00:44:24]} 28. Kh2
{[%clk 00:20:58]} Nxf1+ {[%clk 00:44:24]} {[%emt 00:00:24]} 29. Qxf1 {[%clk
00:21:23]} Qc6 {[%clk 00:44:02]} {[%emt 00:00:56]} 30. Qe2 {[%clk 00:18:44]}
{[%emt 00:01:19]} Qxc5 {[%clk 00:39:31]} 31. Qe6+ {[%clk 00:18:27]} {[%emt
00:08:14]} Kh7 {[%clk 00:39:50]} 32. Qg6+ {[%clk 00:18:27]} Kh8 {[%clk
00:39:50]} 33. Kg2 {[%emt 00:01:10]} Qf5 {[%clk 00:39:52]} 34. Qc6 {[%emt
00:01:35]} Rc8 {[%clk 00:38:31]} {[%emt 00:01:09]} 35. Qb7 {[%clk 00:17:46]}
{[%emt 00:01:12]} Re8 {[%clk 00:37:53]} {[%emt 00:01:07]} 36. Kh2 {[%clk
00:16:22]} {[%emt 00:01:55]} Re1 {[%emt 00:03:45]} 37. Qc6 {[%clk 00:11:54]}
{[%emt 00:00:48]} Kh7 38. Kg2 {[%emt 00:05:28]} Qe4+ {[%clk 00:34:45]} {[%emt
00:00:05]} 39. Qxe4+ {[%clk 00:12:19]} Rxe4 {[%clk 00:34:45]} 40. f3 {[%clk
00:12:19]} Re1 {[%clk 00:34:45]} 0-1

[Event "DEM U18 2024"]
[Site "Willingen GER"]
[Date "2024.05.24"]
[Round "8"]
[White "Chassard, Cedric"]
[Black "Bui, Bao Anh Le"]
[Result "0-1"]
[Termination "normal"]
[Board "7"]
[WhiteTitle "FM"]
[WhiteElo "2246"]
[BlackElo "2150"]
[WhiteClock "00:20:18"]
[BlackClock "00:03:20"]
[PlyCount "80"]
[WhiteFideId "16243536"]
[BlackFideId "12970719"]
[EventCountry "GER"]
[EventRounds "9"]
[EventType "swiss"]
[EventDate "2024.05.18"]

1. e4 {[%clk 01:30:57]} {[%emt 00:00:03]} c5 {[%clk 01:29:49]} {[%emt
00:01:12]} 2. Nf3 {[%clk 01:31:22]} {[%emt 00:00:05]} d6 {[%clk 01:29:34]}
{[%emt 00:00:45]} 3. Bb5+ {[%clk 01:31:31]} {[%emt 00:00:19]} Nd7 {[%clk
01:29:16]} {[%emt 00:00:49]} 4. a4 {[%clk 01:31:54]} {[%emt 00:00:07]} Ngf6
{[%clk 01:23:03]} {[%emt 00:06:43]} 5. Nc3 {[%clk 01:32:10]} {[%emt 00:00:14]}
a6 {[%clk 01:22:33]} {[%emt 00:01:00]} 6. Be2 {[%clk 01:32:27]} {[%emt
00:00:12]} e6 {[%clk 01:21:49]} {[%emt 00:01:15]} 7. d4 {[%clk 01:28:03]}
{[%emt 00:04:54]} cxd4 {[%clk 01:20:39]} {[%emt 00:01:41]} 8. Qxd4 {[%clk
01:28:28]} {[%emt 00:00:05]} Be7 {[%clk 01:16:21]} {[%emt 00:04:47]} 9. a5
{[%clk 01:27:49]} {[%emt 00:01:10]} O-O {[%clk 01:11:48]} {[%emt 00:05:02]} 10.
O-O {[%clk 01:28:11]} {[%emt 00:00:08]} Qc7 {[%clk 01:10:56]} {[%emt 00:01:23]}
11. Be3 {[%clk 01:27:16]} {[%emt 00:01:24]} Ne5 {[%clk 00:52:19]} {[%emt
00:19:07]} 12. Nxe5 {[%clk 01:22:42]} {[%emt 00:05:05]} dxe5 {[%clk 00:49:38]}
{[%emt 00:03:11]} 13. Qb6 {[%clk 01:22:09]} {[%emt 00:01:02]} Qxb6 {[%clk
00:39:11]} {[%emt 00:10:57]} 14. Bxb6 {[%clk 01:22:02]} {[%emt 00:00:37]} Bd7
{[%clk 00:39:36]} {[%emt 00:00:05]} 15. Rfd1 {[%clk 01:18:49]} {[%emt
00:03:43]} Rfc8 {[%clk 00:34:53]} {[%emt 00:05:13]} 16. f3 {[%clk 01:15:35]}
{[%emt 00:03:45]} Bb4 {[%clk 00:27:08]} {[%emt 00:08:14]} 17. Rd3 {[%clk
01:11:44]} {[%emt 00:04:20]} Be8 {[%clk 00:21:57]} {[%emt 00:05:41]} 18. Rad1
{[%clk 01:06:09]} {[%emt 00:06:05]} Kf8 {[%clk 00:22:04]} {[%emt 00:00:24]} 19.
Kf2 {[%clk 01:03:57]} {[%emt 00:02:42]} Ke7 {[%clk 00:19:56]} {[%emt 00:02:38]}
20. Na2 {[%clk 00:58:20]} {[%emt 00:06:07]} Bc5+ {[%clk 00:20:08]} {[%emt
00:00:18]} 21. Bxc5+ {[%clk 00:58:43]} {[%emt 00:00:08]} Rxc5 {[%clk 00:20:35]}
{[%emt 00:00:03]} 22. Nc3 {[%clk 00:48:58]} {[%emt 00:10:14]} Rac8 {[%clk
00:16:13]} {[%emt 00:04:53]} 23. Ra1 {[%clk 00:47:52]} {[%emt 00:01:36]} Bb5
{[%clk 00:13:12]} {[%emt 00:03:31]} 24. Re3 {[%clk 00:47:44]} {[%emt 00:00:37]}
Bxe2 {[%clk 00:13:36]} {[%emt 00:00:06]} 25. Kxe2 {[%clk 00:48:04]} {[%emt
00:00:10]} Ne8 {[%clk 00:13:42]} {[%emt 00:00:24]} 26. Rd3 {[%clk 00:45:15]}
{[%emt 00:03:19]} R8c7 {[%clk 00:10:06]} {[%emt 00:04:07]} 27. Kd2 {[%clk
00:43:24]} {[%emt 00:02:21]} Nd6 {[%clk 00:09:04]} {[%emt 00:01:32]} 28. b4
{[%clk 00:41:02]} {[%emt 00:02:51]} Rc4 {[%clk 00:09:11]} {[%emt 00:00:23]} 29.
Rb1 {[%clk 00:39:54]} {[%emt 00:01:37]} Nb5 {[%clk 00:09:16]} {[%emt 00:00:26]}
30. Rb3 {[%clk 00:39:14]} {[%emt 00:01:10]} f6 {[%clk 00:06:26]} {[%emt
00:03:20]} 31. h4 {[%clk 00:33:48]} {[%emt 00:05:56]} h5 {[%clk 00:06:15]}
{[%emt 00:00:40]} 32. g3 {[%clk 00:31:19]} {[%emt 00:03:00]} g5 {[%clk
00:06:07]} {[%emt 00:00:38]} 33. Re3 {[%clk 00:27:05]} {[%emt 00:04:45]} Rc8
{[%clk 00:06:31]} {[%emt 00:00:05]} 34. Rd3 {[%clk 00:25:47]} {[%emt 00:01:48]}
g4 {[%clk 00:03:48]} {[%emt 00:03:13]} 35. fxg4 {[%clk 00:26:07]} {[%emt
00:00:10]} hxg4 {[%clk 00:04:08]} {[%emt 00:00:10]} 36. Ne2 {[%clk 00:22:36]}
{[%emt 00:04:01]} Rxc2+ {[%clk 00:04:25]} {[%emt 00:00:14]} 37. Ke3 {[%clk
00:22:22]} {[%emt 00:00:44]} R8c4 {[%clk 00:03:17]} {[%emt 00:01:38]} 38. h5
{[%clk 00:21:13]} {[%emt 00:01:39]} Nd6 {[%clk 00:03:15]} {[%emt 00:00:31]} 39.
Nc3 {[%clk 00:20:00]} {[%emt 00:01:43]} Rxe4+ {[%clk 00:03:20]} {[%emt
00:00:25]} 40. Nxe4 {[%clk 00:20:18]} {[%emt 00:00:11]} Nf5# {[%emt 00:00:04]}
0-1